|
|
|
|
| LEADER |
00000nam0a2200000 4500 |
| 001 |
341875 |
| 005 |
20231102005407.0 |
| 010 |
|
|
|a 5765437400
|
| 035 |
|
|
|a (RuTPU)RU\TPU\book\370171
|
| 090 |
|
|
|a 341875
|
| 100 |
|
|
|a 20181029d2004 m y0rusy50 ca
|
| 101 |
0 |
|
|a rus
|
| 102 |
|
|
|a RU
|
| 105 |
|
|
|a a z 000ay
|
| 200 |
1 |
|
|a Отражение Ворона
|e роман
|f Д. Вересов
|
| 210 |
|
|
|a Санкт-Петербург
|c Нева
|d 2004
|
| 215 |
|
|
|a 377 с.
|
| 300 |
|
|
|a Литературный и телевизионный проект "Черный Ворон"
|
| 330 |
|
|
|a Революция — вот настоящий бич королей! Королеве Тайного ордена леди Морвен (бывшей совсем в другой жизни Таней Захаржевской) строят козни ее придворные, пытаясь прибрать власть к своим рукам. Но куда этим жалким людишкам до наследницы колдовских чар! Эта рыжеволосая ведьма подстроит злодеям ловушку. Однако смотреться в зеркало слишком долго опасно даже Королеве, — ведь никогда не знаешь, что таится за блестящей поверхностью и куда заведет тебя твое собственное отражение. Судьбы Татьяны Лариной, Павла и Мила Баренцева стремительно сближаются. Что будет дальше? Кто даст начало новой жизни, чтобы не было в ней ни горестей, ни печали, ни разочарований? Но Ворон уже расправил крылья, и никому не ведомо, кого накроет его черная тень...
|
| 606 |
1 |
|
|a Русская литература современная
|2 stltpush
|3 (RuTPU)RU\TPU\subj\26373
|9 50316
|
| 610 |
1 |
|
|a художественная литература
|
| 610 |
1 |
|
|a киносценарии
|
| 610 |
1 |
|
|a магия
|
| 610 |
1 |
|
|a любовь
|
| 610 |
1 |
|
|a романы
|
| 675 |
|
|
|a Р2
|v 4
|
| 700 |
|
1 |
|a Вересов
|b Д.
|g Дмитрий
|
| 801 |
|
1 |
|a RU
|b 63413507
|c 20181029
|
| 801 |
|
2 |
|a RU
|b 63413507
|c 20181121
|g RCR
|
| 942 |
|
|
|c BK
|